Základy marxizmu-leninizmu učebnica

Bibliographic Details
Other Authors: Rjabinina, Lýdia (Translator), Rjabinina, Natália, 1927- (Translator)
Format: Book
Language:Slovak
Russian
PhysicalDescription:746 strán 21 cm
Published: Bratislava Slovenské vydavateľstvo politickej literatúry 1960
Edition:1. vydanie
Subjects:

MARC

LEADER 00000cam a2200000 a 4500
001 vtls008319669
003 SK-MaSNL
005 20260302093316.0
008 251001s1960 xo ernp 001 0 slo
015 |a SNBA1960/05-00640 
020 |q (viazané) 
035 |a SK01SNK19600011886 
035 |a urn:nbn:sk:snk-am3ijvn 
035 |a 0E1E06F2-C9A8-4BC7-A094-C264182E2A7B 
035 |a urn:nbn:sk:snk-am00emll 
035 |a SKM000014349 
040 |a SNK  |b slo  |c SNK  |e AACR2 
041 1 |a slo  |h rus 
044 |a xo  |c SK 
072 7 |a 14  |x Filozofické systémy a hľadiská  |2 konspekt 
080 |a 141.82:329.15  |2 2011 
080 |a (075)  |2 2011 
130 0 |a Osnovy marksizma-leninizma  |l Slovensky  |9 438989 
245 0 0 |a Základy marxizmu-leninizmu  |b učebnica  |c z ruského originálu Osnovy marksizma-leninizma ... preložili Lýdia Rjabinina a Natália Rjabinina 
250 |a 1. vydanie 
260 |a Bratislava  |b Slovenské vydavateľstvo politickej literatúry  |c 1960  |e Bratislava  |f Pravda 
300 |a 746 strán  |c 21 cm 
366 |e 40000 kusov 
504 |a Obsahuje bibliografické odkazy a poznámky ; register 
650 0 7 |a marxizmus-leninizmus  |2 SNKPH  |9 2161 
650 0 7 |a Marxism-leninism  |2 SNKPHeng  |9 266108 
655 7 |a učebnice  |2 SNKPH  |9 22521 
655 7 |a Textbooks  |2 SNKPHeng  |9 276731 
700 1 |a Rjabinina, Lýdia  |4 trl  |9 344754 
700 1 |a Rjabinina, Natália,  |d 1927-  |4 trl  |9 49233 
852 |a Slovenská národná knižnica 
958 |a EUIPO 
958 |a TL 
958 |a RK 
958 |a OP 
958 |a NB 
958 |a RU 
958 |a OND 
968 |b RUS 
999 |c 1208331  |d 1210261 
952 |a SNK  |b SNK  |y VYP  |7 0  |p 17A1345203  |o snkSC 14124 D1  |i snkKSP 1458/60  |0 0  |1 0  |4 0  |d 2020-06-02  |l 0  |r 2026-02-24 23:04:25  |w 2026-02-24 
952 |a SNK  |b SNK  |y VYP  |7 0  |p 17A1345202  |o snkSC 14124 D2  |i snkK 3646/60  |8 3  |0 0  |1 0  |4 0  |d 2020-06-02  |l 0  |r 2026-02-24 23:04:25  |w 2026-02-24 
952 |a SNK  |b SNK  |y PREZ  |7 0  |p 17A0847036  |o snkSC 14124  |i snkKSP 1457/60  |0 0  |1 0  |4 0  |d 2020-03-05  |f 1  |l 0  |r 2025-07-16 00:00:00  |w 2026-02-24